Singers in Solo Career - Statistics

General Stats
  • This quiz has been taken 54 times
  • The average score is 19 of 30
Answer Stats
Singer Band / Group % Correct
Michael Jackson The Jackson 5
100%
Paul McCartney The Beatles
98%
Freddie Mercury Queen
96%
Mick Jagger The Rolling Stones
96%
Ozzy Osbourne Black Sabbath
87%
Phil Collins Genesis
84%
Beyoncé Knowles Destiny's Child
82%
Liam Gallagher Oasis
80%
Gwen Stefani No Doubt
78%
Justin Timberlake N' Sync
78%
will.i.am Black Eyed Peas
71%
Lauryn Hill Fugees
67%
Slash Guns N' Roses
67%
Melanie C Spice Girls
64%
Roger Waters Pink Floyd
60%
David Lee Roth Van Halen
60%
Courtney Love Hole
56%
Gloria Estefan Miami Sound Machine
56%
Chris Cornell Soundgarden
56%
Morrissey The Smiths
56%
Robbie Williams Take That
51%
David Byrne Talking Heads
51%
Nick Carter Backstreet Boys
49%
Bruce Dickinson Iron Maiden
49%
Amy Lee Evanescence
42%
Janis Joplin Big Brother & The Holding Company
38%
Richie Sambora Bon Jovi
38%
Camila Cabello Fifth Harmony
24%
Mike Shinoda Linkin Park
18%
Serj Tankian System of a Down
18%
No matching quizzes found
Score Distribution
Percent of People with Each Score
Percentile by Number Answered
Your Score History
You have not taken this quiz